| 000 | 01220nam a2200289Ia 4500 | ||
|---|---|---|---|
| 003 | OSt | ||
| 005 | 20221005104228.0 | ||
| 006 | a|||||r|||| 00| 0 | ||
| 007 | ta | ||
| 008 | 221004b |||||||| |||| 00| 0 san d | ||
| 020 |
_a9788171105267 (hbk) _c225 |
||
| 024 | _a24736 | ||
| 037 |
_b57, 22/12/2015, Mallika Books _cTextual |
||
| 040 |
_aCRL _cCRL _bsan |
||
| 041 |
_2san _asan |
||
| 082 | _aNA44,8(Q2:45), 152Q5 | ||
| 100 | _aनारायण नम्बूदिरी | ||
| 245 | 0 | _aदेवालय चन्द्रिका | |
| 246 | _aDevālaya chandrikā: | ||
| 260 |
_aदिल्ली _bपरिमल पब्लिकेशन्स भारत _c2015 |
||
| 300 |
_a144पृ0 _ccm. |
||
| 490 | _aपरिमल संस्कृत ग्रन्थमाला; संख्या 145 | ||
| 650 | _aल्थ्ल्त् क्ल्ज्ञ | ||
| 700 | _a श्रीकृष्ण, ‘जुगनू’, संपा. | ||
| 942 |
_hNA44,8(Q2:45), 152Q5 _cTEXL _2cc |
||
| 999 |
_c1012081 _d1012081 |
||